Qui est passé pas ces clubs ? - Statistiques

Statistiques générales
  • Ce quiz a été pris 138 fois
  • Le résultat moyen est 12 sur 15
Statistiques - réponses
Club 1 Club 2 Club 3 Club 4 Club 5 Club 6 Réponse % Correct
Monaco Paris Saint Germain Réal Madrid - - - - Kylian Mbappé
99%
Sporting Manchester United Réal Madrid Juventus Manchester United Al-Nassr - Cristiano Ronaldo
95%
Santos Barcelone Paris Saint Germain Al-Hilal - - - Neymar Jr
93%
Newell's Youth Barcelone Paris Saint Germain Inter Miami - - - Lionel Messi
92%
Birmingham Borussia Dortmund Réal Madrid - - - - Jude Bellingham
90%
Olimpique Lyonnais Réal Madrid Al-Ittihad - - - - Karim Benzema
89%
Rennes Borussia Dortmund Barcelone Paris Saint Germain - - - Ousmane Dembele
86%
Cannes Bordeaux Juventus Réal Madrid - - - Zinedine Zidane
86%
Rennes Réal Madrid - - - - - Eduardo Camavinga
84%
Bryne Molde RB Salzbourg Borussia Dortmund Manchester City - - Erling Haaland
82%
Versailles Monaco Juventus Arsenal Barcelone New-York Arsenal Thierry Henry
80%
Flamengo Réal Madrid - - - - - Vinicius Jr
76%
Aston Villa Notts Country Aston Villa Manchester City - - - Jack Grealish
67%
Strikers Wolfsburg Charleroi SC Wolfsburg Charleroi Lille Napoli Victor Osimhen
64%
Nancy Saint Etienne Juventus - - - - Michel Platini
51%
Aucun quiz correspondant
Distribution des résultats
% des personnes avec chaque résultat
Percentile par nombre de réponses
Votre historique - résultats
Vous n’avez pas pris ce quiz